80s Strawberry Shortcake Friends Quiz Stats

 Plays Quiz not verified by Sporcle

Challenge
Share
Tweet
Embed
Score 0/35 Timer 08:00
0 Plays Today
Characters % Correct
Blueberry Muffin
85.2%
Orange Blossom
73.9%
Lemon Meringue
72.7%
Huckleberry Pie
69.3%
Apple Dumplin
65.9%
Raspberry Tart
63.6%
Plum Puddin
60.2%
Angel Cake
50%
Lime Chiffon
46.6%
Almond Tea
45.5%
Crepe Suzette
45.5%
Apricot
44.3%
Sour Grapes
44.3%
Butter Cookie
42%
Cherry Cuddler
42%
Mint Tulip
40.9%
Lem and Ada
40.9%
Cafe Ole
38.6%
Characters % Correct
Peach Blush
35.2%
Banana Twirl
31.8%
TN Honey
29.5%
Mr Sun
27.3%
Berrykins
23.9%
Coco Nutwork
22.7%
Tamale
21.6%
Horseradish
21.6%
Berry Princess
20.5%
Maple Stirrup
20.5%
Raisin Cane
20.5%
Lucky Bug
19.3%
Flitter Bit
19.3%
Baby-Needs-A-Name
18.2%
Berry Busy Bug
18.2%
Escargot
17%
Philbert Wormly III
17%

You're not logged in!

Compare scores with friends on all Sporcle quizzes.
Join for Free
OR
Log In

You Might Also Like...

Show Comments

Extras

Top Quizzes Today


Score Distribution

Your Account Isn't Verified!

In order to create a playlist on Sporcle, you need to verify the email address you used during registration. Go to your Sporcle Settings to finish the process.

Report this User

Report this user for behavior that violates our Community Guidelines.

Details: